U.S. States With Largest Population Increase - Statistics

General Stats
  • This quiz has been taken 91 times
  • The average score is 12 of 14
Answer Stats
Change Answer % Correct
+1.41% Texas
98%
+1.69% Washington
97%
+1.56% Florida
94%
+1.53% Arizona
92%
+1.96% Nevada
92%
+1.11% Georgia
89%
+1.37% Oregon
89%
+2.15% Idaho
86%
+1.14% North Carolina
86%
+1.37% Colorado
85%
+1.85% Utah
85%
+1.28% South Carolina
83%
+1.00% Tennessee
78%
+1.13% Montana
75%
No matching quizzes found
Score Distribution
Percent of People with Each Score
Percentile by Number Answered
Your Score History
You have not taken this quiz